Resúmen del estado del Instituto Provincial de Segunda Enseñanza de Badajoz, durante el año académico de 1875 á 1876 / (Record no. 155949)

MARC details
000 -LEADER
campo de control de longitud fija 01147nam a22002055i 4500
001 - NÚMERO DE CONTROL
campo de control 155949
003 - IDENTIFICADOR DE NÚMERO DE CONTROL
campo de control ES-MaACL
005 - FECHA Y HORA DE LA ÚLTIMA TRANSACCIÓN
campo de control 20250909230534.0
008 - DATOS DE LONGITUD FIJA--INFORMACIÓN GENERAL
campo de control de longitud fija 011130s1876 sp |||| | spa d
040 ## - FUENTE DE CATALOGACIÓN
Centro catalogador/agencia de origen EXT
Lengua de catalogación spa
Centro/agencia transcriptor EXT
110 2# - ENTRADA PRINCIPAL--NOMBRE DE ENTIDAD CORPORATIVA
Nombre de entidad corporativa o nombre de jurisdicción como elemento de entrada Instituto de Segunda Enseñanza de la Provincia de Badajoz.
9 (RLIN) 134558
245 10 - MENCIÓN DEL TÍTULO
Título Resúmen del estado del Instituto Provincial de Segunda Enseñanza de Badajoz, durante el año académico de 1875 á 1876 /
Mención de responsabilidad, etc. leido por Carlos Soler y Arqués, en el acto de apertura de estudios celebrado el 1º de octubre de 1876.
260 ## - PUBLICACIÓN, DISTRIBUCIÓN, ETC.
Lugar de publicación, distribución, etc. Badajoz :
Nombre del editor, distribuidor, etc. [s.n.],
Fecha de publicación, distribución, etc. 1876 (
Fabricante Imprenta de la viuda de Arteaga)
300 ## - DESCRIPCIÓN FÍSICA
Extensión 27 p., [1] h. pleg. ;
Dimensiones 20 cm.
610 24 - PUNTO DE ACCESO ADICIONAL DE MATERIA--NOMBRE DE ENTIDAD CORPORATIVA
Nombre de entidad corporativa o nombre de jurisdicción como elemento de entrada Instituto de Segunda Enseñanza de la Provincia de Badajoz-
Subdivisión general Memorias.
9 (RLIN) 160839
700 11 - ENTRADA AGREGADA--NOMBRE PERSONAL
Nombre de persona Soler y Arqués, Carlos,
Fechas asociadas al nombre 1836-1896
9 (RLIN) 132802
852 ## - LOCALIZACIÓN
Ubicación ES-MaACL
Número de control de estantería T-370-F-23
Nota libre -- Enc. hol., falto de la enc. original
-- -- Ded. de Gustavo Sáenz Díez a a la Biblioteca de Escolares Médicos
-- -- Enc. en un vol. facticio
852 ## - LOCALIZACIÓN
Ubicación ES-MaACL
Número de control de estantería T-707-F-6
Nota libre -- Enc. hol., falto de la enc. original
-- -- Enc. en un vol. facticio
Holdings
Estatus retirado Estado de pérdida Estado de daño No para préstamo Colección Biblioteca de origen Biblioteca actual Ubicación en estantería Fecha de adquisición Total de préstamos Signatura topográfica completa Código de barras Visto por última vez Precio de reemplazo Tipo de ítem Koha
        Colección de folletos Biblioteca del Ateneo de Madrid Biblioteca del Ateneo de Madrid Depósito folletos 17/01/2008   T-707-F-6 1163148 23/02/2023 23/02/2023 Folleto
        Colección de folletos Biblioteca del Ateneo de Madrid Biblioteca del Ateneo de Madrid Depósito folletos 17/01/2008   T-370-F-23 1163147 23/02/2023 23/02/2023 Folleto